000 00667nam a2200229 a 4500
999 _c986
_d986
001 986
003 BD-JhCC
005 20190920134007.0
008 171012s2011 bg p|||| |||| 00| 0 ben d
020 _a97898865593
035 _a(BD-JhCC) 986
040 _aBD-JhCC
_dBD-JhCC
041 _aben
082 _223
_a891.4435
_bRAH 2011
100 _aরহমান, শামসুর
245 _aস্মৃতির শহর /
_cশামসুর রহমান
260 _aঢাকা :
_bপ্রথমা প্রকাশনা
_c2011
300 _a87 p. :
_bill,
_c23 cm
650 _aShort Stories, Bengali
942 _2ddc
_cBK
_02